Raise A Little Hell - Bonnie & Clyde The Musical - Lyrics - Statistics

General Stats
  • This quiz has been taken 21 times
  • The average score is 120 of 156
Answer Stats
Answer % Correct
a
100%
go
100%
I
100%
no
100%
No
100%
be
94%
hell?
94%
He'll
94%
hell
94%
little
94%
more
94%
raise
94%
the
94%
to
94%
To
94%
can't
88%
could
88%
In
88%
it
88%
me,
88%
not
88%
of
88%
pay
88%
time
88%
Time
88%
Why
88%
will
88%
by
81%
By
81%
crooked
81%
Dyin'
81%
end
81%
guard
81%
kill
81%
place
81%
this
81%
This
81%
won't
81%
Better
75%
Death
75%
do
75%
Ed
75%
get
75%
got
75%
has
75%
heaven
75%
nightmare
75%
over
75%
sixteen
75%
slowly
75%
take
75%
that
75%
That
75%
that's
75%
tonight,
75%
would
75%
yeah,
75%
years
75%
All
69%
bit
69%
but
69%
Crowder
69%
did
69%
don't
69%
filthy
69%
friend
69%
here
69%
it's
69%
scum
69%
see
69%
than
69%
was
69%
welcome
69%
When
69%
crime
63%
few
63%
fit
63%
godforsaken
63%
rob
63%
So
63%
stores
63%
Him
56%
Justice
56%
last
56%
strike
56%
been
50%
blow
50%
broken
50%
devil
50%
fatal
50%
I'll
50%
is
50%
I've
50%
let's
50%
make
50%
play
50%
waste
50%
way
50%
or
44%
out,
44%
gotta
38%
okay,
38%
have
31%
now
25%
killed,
19%
Never
19%
No matching quizzes found
Score Distribution
Percent of People with Each Score
Percentile by Number Answered
Your Score History
You have not taken this quiz